[Event "Alexandria op 18th"]
[Site "Alexandria"]
[Date "2012.08.30"]
[Round "4"]
[White "Nader, Yousef"]
[Black "Ezat, Alaa"]
[Result "0-1"]
[WhiteElo "1813"]
[BlackElo "2235"]
[PlyCount "64"]
[EventDate "2012.08.27"]
[EventType "swiss"]
[EventRounds "9"]
[EventCountry "EGY"]
[SourceTitle "CBM 150 Extra"]
[Source "ChessBase"]
[SourceDate "2012.10.19"]
[SourceVersion "1"]
[SourceVersionDate "2012.10.19"]
[SourceQuality "1"]

1. e4 c5 2. Nf3 d6 3. d4 cxd4 4. Nxd4 Nf6 5. Nc3 a6 6. Be2 e5 7. Nf3 Qc7 8. 0-0 Be7 9. Nd5 Nxd5 10. exd5 Bf5 11. c4 0-0 12. b3 Nd7 13. Ba3 a5 14. Re1 Nc5 15. Qd2 h6 16. Qe3 b6 17. Bxc5 bxc5 18. Bd3 Bxd3 19. Qxd3 f5 20. Rad1 e4 21. Qe3 Bf6 22. Nd2 a4 23. Nb1 axb3 24. Qxb3 Rfb8 25. Qc2 Rb2 26. Qc1 Raxa2 27. Rd2 Rxb1 28. Rxa2 Rxc1 29. Rxc1 Qd7 30. Ra6 e3 31. Rc6 Qe7 32. Kh1 exf2 0-1